[Event "POLFINAL MISTRZOSTW POLSKI JUNIOROW 2016 - C11"]
[Site "Centrum Kongresow i Rekreacji Orle Gniazdo ul. Wrzosowa 28a, Szczyrk"]
[Date "1899-12-30"]
[Round "6.7"]
[White "Smuda, Tomasz"]
[Black "Sloniewski, Jakub"]
[Result "1-0"]
[WhiteTitle "III"]
[BlackTitle "II"]
[WhiteElo "1204"]
[BlackElo "1068"]

1. e4 d5 2. exd5 Nf6 3. d4 Bg4 4. Nf3 Nxd5 5. Be2 g6 6. h3 Bf5 7. c4 Nb6 8. Bf4
Bg7 9. Nc3 Nc6 10. d5 Na5 11. c5 Bxc3+ 12. bxc3 Nxd5 13. Qd4 f6 14. Bd2 e5 15.
Qa4+ Nc6 16. Ba6 Bc8 17. Rb1 Qe7 18. Rxb7 Qxc5 19. Rb5 Qd6 20. Bxc8 Rxc8 21. Qb3
Nb6 22. c4 Nd4 23. Nxd4 Qxd4 24. c5 Nc4 25. Bc3 Qe4+ 26. Kf1 Qd3+ 27. Kg1 Ke7
28. c6 Nd6 29. Rd5 Qc4 30. Rxd6 Qxb3 31. Rd7+ Ke6 32. axb3 h5 33. Kh2 h4 34. Ra1
Rb8 35. b4 Rhd8 36. Rad1 Rxd7 37. Rxd7 a6 38. Rxc7 Rb6 39. Rb7 Rxc6 40. Bd2 g5
41. Be3 Rd6 42. Rb6 Rxb6 43. Bxb6 Kd6 44. Bd8 Ke6 45. g3 hxg3+ 46. Kxg3 Kf5 47.
Kf3 e4+ 48. Ke3 Ke5 49. f3 exf3 50. Kxf3 Kf5 51. Kg3 Kg6 52. h4 gxh4+ 53. Kxh4
f5 54. Kg3 Kf7 55. Kf4 Ke6 56. Bg5 Kd5 57. Bd8 Ke6 58. Ke3 Kd5 59. Kd3 Ke6 60.
Kc4 Kd6 61. Ba5 Ke6 62. Kc5 f4 63. Bc7 f3 64. Bg3 Kf5 65. Kb6 Kg4 66. Be1 Kf4
67. Kxa6 1-0

[Event "POLFINAL MISTRZOSTW POLSKI JUNIOROW 2016 - C11"]
[Site "Centrum Kongresow i Rekreacji Orle Gniazdo ul. Wrzosowa 28a, Szczyrk"]
[Date "1899-12-30"]
[Round "6.8"]
[White "Bogusz, Alan"]
[Black "Tomkiewicz, Szymon"]
[Result "1-0"]
[WhiteTitle "II"]
[BlackTitle "II"]
[WhiteElo "1476"]
[BlackElo "1234"]

1. d4 d5 2. c4 e6 3. Nc3 c5 4. cxd5 exd5 5. Nf3 Nf6 6. Bg5 Be6 7. e3 c4 8. Be2
Be7 9. O-O Nc6 10. Re1 O-O 11. Nd2 a6 12. a4 Rb8 13. Bf4 Bd6 14. Bxd6 Qxd6 15.
Nxc4 dxc4 16. d5 Bxd5 17. e4 Rfd8 18. exd5 Nxd5 19. Nxd5 Qxd5 20. Qxd5 Rxd5 21.
Bxc4 Rd6 22. Rad1 Rdd8 23. Kf1 Kf8 24. f3 f6 25. Bd5 Nb4 26. Be4 h6 27. Rxd8+
Rxd8 28. Bxb7 Rd2 29. Be4 Rxb2 30. Bg6 Rb1 31. Rxb1 Nc6 32. Re1 Ne7 33. Bd3 a5
34. Rb1 Nd5 35. Rb5 Nf4 36. Be4 Kf7 37. Rxa5 Ne6 38. Bd5 Ke7 39. Ra7+ Kd6 40.
Bxe6 Kxe6 1-0

[Event "POLFINAL MISTRZOSTW POLSKI JUNIOROW 2016 - C11"]
[Site "Centrum Kongresow i Rekreacji Orle Gniazdo ul. Wrzosowa 28a, Szczyrk"]
[Date "1899-12-30"]
[Round "6.9"]
[White "Wasik, Mateusz"]
[Black "Marcinkowski, Jan"]
[Result "0-1"]
[WhiteTitle "II"]
[BlackTitle "II"]
[WhiteElo "1263"]
[BlackElo "1194"]

1. d4 Nf6 2. c4 e6 3. Nf3 d5 4. Nc3 c6 5. Bg5 Nbd7 6. e3 h6 7. Bh4 Be7 8. Rc1 Qb6
9. Qc2 O-O 10. Bd3 dxc4 11. Bxc4 Qd8 12. O-O Nb6 13. Bd3 Nfd5 14. Bxe7 Qxe7 15.
a3 Nxc3 16. Qxc3 Nd5 17. Qc2 Bd7 18. Ne5 Rac8 19. Qa4 a6 20. Rc2 Rfd8 21. Rfc1
Rc7 22. b4 Rdc8 23. h3 Be8 24. Qb3 Nb6 25. Rd1 Qd8 26. Rcc1 Qd5 27. Qb2 Na4 28.
Qc2 Nb6 29. Qe2 Nd7 30. Nxd7 Bxd7 31. Bc4 Qg5 32. Bd3 e5 33. Rc5 Bxh3 34. Qf3
Bg4 35. Qe4 f5 36. Bc4+ Kh8 37. Qc2 Bf3 38. Bf1 Bxd1 39. Qxd1 exd4 40. Qxd4 Rd8
41. Qe5 Rf7 42. e4 fxe4 43. Qxg5 hxg5 44. Rxg5 Kh7 45. Re5 Rd2 46. Rxe4 Rfxf2
47. Re1 Rf7 48. Ra1 Kg6 49. Bc4 Rff2 50. Bf1 Ra2 51. Bd3+ Kf6 52. Rxa2 Rxa2 53.
g4 Rxa3 54. Kf2 Rxd3 55. g5+ Kxg5 56. b5 cxb5 0-1

[Event "POLFINAL MISTRZOSTW POLSKI JUNIOROW 2016 - C11"]
[Site "Centrum Kongresow i Rekreacji Orle Gniazdo ul. Wrzosowa 28a, Szczyrk"]
[Date "1899-12-30"]
[Round "6.10"]
[White "Fudal, Patryk"]
[Black "Franc, Piotr"]
[Result "1-0"]
[WhiteTitle "III"]
[BlackTitle "II"]
[WhiteElo "1161"]
[BlackElo "1230"]

1. d4 d5 2. Bf4 Nf6 3. e3 Bf5 4. h3 h5 5. Nf3 Ne4 6. c4 c6 7. Qb3 Qc8 8. Bd3 e6
9. O-O Nd6 10. Nbd2 Bxd3 11. Qxd3 Nd7 12. cxd5 cxd5 13. Rac1 Qd8 14. e4 dxe4 15.
Nxe4 Nxe4 16. Qxe4 e5 17. dxe5 Nc5 18. Qe3 Ne6 19. Ng5 Qd4 20. Nxe6 Qxe3 21. Nc7+
Kd7 22. Bxe3 Rb8 23. Bxa7 Bb4 24. Bxb8 Rxb8 25. Rfd1+ Ke7 26. Nd5+ Ke6 27. Nxb4
Kxe5 28. Rd5+ Ke6 29. Rxh5 g6 30. Rhc5 Rd8 31. Re1+ Kf6 32. Nd5+ Kg7 33. Ne7 Re8
34. Nf5+ Kf8 35. Rxe8+ Kxe8 36. Nd6+ 1-0

[Event "POLFINAL MISTRZOSTW POLSKI JUNIOROW 2016 - C11"]
[Site "Centrum Kongresow i Rekreacji Orle Gniazdo ul. Wrzosowa 28a, Szczyrk"]
[Date "1899-12-30"]
[Round "6.11"]
[White "Choina, Jan"]
[Black "Skrzypczynski, Kacper"]
[Result "1/2-1/2"]
[WhiteTitle "II"]
[BlackTitle "II"]
[WhiteElo "1099"]
[BlackElo "1228"]

1. e4 c5 2. Nf3 e6 3. d4 cxd4 4. Nxd4 Nc6 5. Nb3 Be7 6. Nc3 Nf6 7. Be3 Bb4 8. Bd3
Bxc3+ 9. bxc3 d5 10. exd5 Nxd5 11. Bd2 Qf6 12. c4 Ndb4 13. Be2 Qg6 14. O-O Nxc2
15. Bh5 Qf5 16. Bg4 Qg6 17. Bh5 Qf5 18. Bg4 Qg6 19. Bh5 Qf5 20. Bg4 1/2-1/2

[Event "POLFINAL MISTRZOSTW POLSKI JUNIOROW 2016 - C11"]
[Site "Centrum Kongresow i Rekreacji Orle Gniazdo ul. Wrzosowa 28a, Szczyrk"]
[Date "1899-12-30"]
[Round "6.12"]
[White "Zyhalko, Konrad"]
[Black "Karut, Kacper"]
[Result "0-1"]
[WhiteTitle "III"]
[BlackTitle "II"]
[WhiteElo "1173"]
[BlackElo "1170"]

1. e4 c5 2. Nf3 e6 3. d4 cxd4 4. Nxd4 a6 5. c4 d6 6. Nc3 Nf6 7. Bg5 Be7 8. Bd3
Nxe4 9. Bxe7 Nxc3 10. Bxd8 Nxd1 11. Rxd1 Kxd8 12. O-O Bd7 13. Nf3 h6 14. Be4 Kc7
15. Rd2 Bc6 16. Bxc6 Nxc6 17. Rfd1 Rhd8 18. Nd4 Rd7 19. Nxc6 Kxc6 20. b4 Rad8
21. a4 d5 22. b5+ Kc5 23. Kf1 Rd6 24. cxd5 Rxd5 25. Rc2+ Kb6 26. Rxd5 Rxd5 27.
bxa6 bxa6 28. Rc8 Rd7 29. Rc4 Rc7 30. Rg4 f6 31. Ke2 Kc5 32. Rg3 Rb7 33. h3 f5
34. Rg6 Re7 35. Kf3 Kb4 36. Kf4 Kxa4 37. Ke5 Kb4 0-1

[Event "POLFINAL MISTRZOSTW POLSKI JUNIOROW 2016 - C11"]
[Site "Centrum Kongresow i Rekreacji Orle Gniazdo ul. Wrzosowa 28a, Szczyrk"]
[Date "1899-12-30"]
[Round "7.1"]
[White "Jeda, Maciej"]
[Black "Lokaj, Bartlomiej"]
[Result "0-1"]
[WhiteTitle "II"]
[BlackTitle "II"]
[WhiteElo "1312"]
[BlackElo "1249"]

1. e4 e5 2. Nf3 Nf6 3. Nxe5 d6 4. Nf3 Nxe4 5. d3 Nf6 6. Nc3 Be7 7. g3 Nc6 8. Bg2
Bf5 9. Bf4 Qd7 10. Qd2 h6 11. h3 g5 12. Be3 d5 13. Nd4 Nxd4 14. Bxd4 Qe6+ 15.
Kd1 c6 16. Re1 Qd6 17. Be5 Qe6 18. Qe3 Rg8 19. Qd4 Nd7 20. Bc7 Qf6 21. Qb4 b6
22. Bd6 Be6 23. Bxe7 Qxe7 24. Qa4 Qd6 25. Re2 Rg6 26. Kd2 Kf8 27. Qd4 Nf6 28.
Rf1 Rd8 29. h4 c5 30. Qa4 d4 31. Ne4 Nxe4+ 32. Bxe4 f5 33. h5 Rg7 34. Bh1 f4 35.
Rfe1 Re7 36. g4 Rde8 37. Bc6 Rd8 38. Re5 f3 39. Bd5 Bd7 40. Rxe7 Bxa4 41. Rf7+
Kg8 42. Rd7+ Qxd5 43. Rxd5 Rxd5 44. Re7 Rd7 45. Re6 Kg7 46. Rg6+ Kf7 47. Rxh6
Re7 48. Kd1 Bd7 49. Rh8 Bxg4 50. h6 Kg6 51. h7 Rxh7 52. Rxh7 Kxh7 53. c3 Kg6 54.
Kc2 Be6 55. a3 g4 56. Kd2 Kf5 57. Ke3 Ke5+ 0-1

[Event "POLFINAL MISTRZOSTW POLSKI JUNIOROW 2016 - C11"]
[Site "Centrum Kongresow i Rekreacji Orle Gniazdo ul. Wrzosowa 28a, Szczyrk"]
[Date "1899-12-30"]
[Round "7.2"]
[White "Kietrys, Maciej"]
[Black "Kossowski, Pawel"]
[Result "1/2-1/2"]
[WhiteTitle "II"]
[BlackTitle "II"]
[WhiteElo "1438"]
[BlackElo "1273"]

1. e4 e5 2. Nf3 Nc6 3. Bc4 Bc5 4. d3 Nf6 5. Nc3 d6 6. h3 Be6 7. Bb3 h6 8. O-O O-O
9. Be3 Bb6 10. d4 exd4 11. Nxd4 Nxd4 12. Bxd4 Bxd4 13. Qxd4 Qe7 14. Rfe1 Rfd8
15. Nd5 Bxd5 16. exd5 Qd7 17. Re2 a6 18. Rae1 Re8 19. Qc3 Rac8 20. Qb4 b6 21.
Qc4 b5 22. Qf4 Rxe2 23. Rxe2 Re8 24. Kf1 Rxe2 25. Kxe2 Qe7+ 26. Qe3 Qxe3+ 27.
Kxe3 Kh7 28. Kd4 Nd7 29. c3 Nb6 30. Bc2+ g6 31. b3 Kg7 32. g3 Kf6 33. Ke4 Ke7
34. Kd4 Kf6 35. Ke4 Ke7 36. Kd4 Kd7 37. f4 Ke7 38. g4 Kf6 39. Ke4 Kg7 40. Kd4
Kf6 1/2-1/2

[Event "POLFINAL MISTRZOSTW POLSKI JUNIOROW 2016 - C11"]
[Site "Centrum Kongresow i Rekreacji Orle Gniazdo ul. Wrzosowa 28a, Szczyrk"]
[Date "1899-12-30"]
[Round "7.3"]
[White "Wieczorek, Mikolaj"]
[Black "Rybak, Igor"]
[Result "1/2-1/2"]
[WhiteTitle "II"]
[BlackTitle "II"]
[WhiteElo "1458"]
[BlackElo "1254"]

1. e4 c5 2. Nf3 d6 3. d4 cxd4 4. Nxd4 Nf6 5. Nc3 Nc6 6. Bg5 e6 7. f4 Be7 8. Nxc6
bxc6 9. e5 Nd5 10. Nxd5 Bxg5 11. exd6 cxd5 12. fxg5 Qxd6 13. Bb5+ Bd7 14. Bxd7+
Qxd7 15. O-O O-O 16. Kh1 Rac8 17. c3 Rc4 18. Qe2 Re4 19. Qf3 Qb5 20. Rab1 Re2
21. Rf2 Rxf2 22. Qxf2 Qd3 23. Rf1 f5 24. Kg1 Qa6 25. a3 Rf7 26. Re1 Qd6 27. Qe2
Re7 28. b4 d4 29. Rd1 e5 30. Qc4+ Qe6 31. Qxe6+ Rxe6 32. cxd4 Rd6 33. d5 Kf7 34.
h4 Kg6 35. Kf2 f4 36. Kf3 Kf5 37. g4+ fxg3 38. Kxg3 Ke4 39. h5 Rxd5 40. Rxd5 Kxd5
41. Kf3 Kd4 42. b5 Kd3 43. Kf2 e4 44. Ke1 Kc4 45. Ke2 Kxb5 46. Ke3 Ka4 47. Kxe4
Kxa3 48. Ke5 a5 49. Ke6 Kb4 50. Kf7 a4 51. Kxg7 a3 52. Kxh7 a2 53. g6 a1=Q 54.
g7 Qa7 1/2-1/2

[Event "POLFINAL MISTRZOSTW POLSKI JUNIOROW 2016 - C11"]
[Site "Centrum Kongresow i Rekreacji Orle Gniazdo ul. Wrzosowa 28a, Szczyrk"]
[Date "1899-12-30"]
[Round "7.4"]
[White "Czernecki, Andrzej"]
[Black "Rainer, Piotr"]
[Result "1-0"]
[WhiteTitle "II"]
[BlackTitle "III"]
[WhiteElo "1266"]
[BlackElo "1184"]

1. e4 c5 2. Nf3 Nc6 3. d4 cxd4 4. Nxd4 e5 5. Nb5 d6 6. N1c3 a6 7. Na3 b5 8. Nd5
Nce7 9. c4 Nxd5 10. exd5 Nf6 11. cxb5 Be7 12. Be3 O-O 13. Be2 Ne4 14. bxa6 Bxa6
15. O-O f5 16. Bxa6 Rxa6 17. f3 Nf6 18. Qb3 f4 19. Qb7 Rxa3 20. bxa3 fxe3 21.
Rac1 Ne8 22. Rc8 e2 23. Re1 Qa5 24. Rxe2 Kf7 25. Qd7 Qxd5 26. Qf5+ Nf6 27. Rxf8+
Bxf8 28. Rc2 Kg8 29. Rc8 Qxa2 30. g4 Qf7 31. a4 Qa7+ 32. Kg2 Qd7 33. Qxd7 Nxd7
34. a5 Kf7 35. a6 Nb6 36. Rc7+ Ke8 37. Rb7 Nc8 38. Rb8 Kd7 39. a7 Nxa7 1-0

[Event "POLFINAL MISTRZOSTW POLSKI JUNIOROW 2016 - C11"]
[Site "Centrum Kongresow i Rekreacji Orle Gniazdo ul. Wrzosowa 28a, Szczyrk"]
[Date "1899-12-30"]
[Round "7.5"]
[White "Mocko, Maciej"]
[Black "Smuda, Tomasz"]
[Result "0-1"]
[WhiteTitle "II"]
[BlackTitle "III"]
[WhiteElo "1195"]
[BlackElo "1204"]

1. e4 e5 2. Nf3 Nc6 3. Bc4 Bc5 4. c3 Nf6 5. d4 exd4 6. cxd4 Bb4+ 7. Bd2 Bxd2+ 8.
Nbxd2 d6 9. e5 dxe5 10. dxe5 Nd7 11. Bxf7+ Kxf7 12. e6+ Kxe6 13. Qb3+ Ke7 14.
Ng5 Nde5 15. f4 h6 16. fxe5 hxg5 17. Qa3+ Ke8 18. O-O-O Qe7 19. Qg3 Be6 20. a3
Rd8 21. Ne4 Nd4 22. Qe3 Nb3+ 23. Kc2 Rxd1 24. Rxd1 Na5 25. Rh1 Nc4 26. Qxa7 Bd5
27. Qb8+ Qd8 28. Qxd8+ Kxd8 29. Nxg5 Ke7 30. Nf3 Bxf3 31. gxf3 Nxe5 32. f4 Nf3
33. Rf1 Rxh2+ 34. Kc3 Rh3 35. Kb4 g5 36. fxg5 Nxg5 37. Re1+ Ne6 38. b3 Rh4+ 39.
Kb5 Kd6 40. Rd1+ Rd4 41. Rh1 b6 42. b4 Rd5+ 43. Ka4 Nd4 44. Rh6+ Kd7 45. Rh7+
Kc6 46. Rh6+ Kb7 47. b5 Rxb5 48. Rh4 c5 49. Rh7+ Kc6 50. Rh6+ Kd5 51. Rh5+ Ke4
52. Rh4+ Kd3 53. Rxd4+ cxd4 54. Kxb5 Kc3 55. a4 d3 56. Kxb6 d2 57. a5 d1=Q 58.
a6 Qd5 59. Ka7 Qb5 60. Ka8 Qxa6+ 0-1

[Event "POLFINAL MISTRZOSTW POLSKI JUNIOROW 2016 - C11"]
[Site "Centrum Kongresow i Rekreacji Orle Gniazdo ul. Wrzosowa 28a, Szczyrk"]
[Date "1899-12-30"]
[Round "7.6"]
[White "Marcinkowski, Jan"]
[Black "Bogusz, Alan"]
[Result "0-1"]
[WhiteTitle "II"]
[BlackTitle "II"]
[WhiteElo "1194"]
[BlackElo "1476"]

1. e4 c5 2. Nf3 d6 3. d4 cxd4 4. Nxd4 Nf6 5. Nc3 a6 6. Bg5 Nbd7 7. Be2 g6 8. Qd2
Bg7 9. Be3 b5 10. a3 Bb7 11. f3 Rc8 12. O-O-O Nb6 13. g4 Nc4 14. Bxc4 Rxc4 15.
h4 b4 16. Nb1 a5 17. b3 Rc8 18. axb4 axb4 19. Qxb4 Qc7 20. Qb5+ Nd7 21. Qd3 Nc5
22. Qb5+ Kf8 23. Qc4 Ba6 24. Nb5 Qa5 25. N1a3 Nd7 26. Qa4 Qxa4 27. bxa4 Bxb5 28.
axb5 Ra8 29. Rd3 Ke8 30. f4 Kd8 31. c4 Kc8 32. Kc2 Kc7 33. Rb1 Nb6 34. c5 dxc5
35. Bxc5 Rhe8 36. Bxb6+ Kxb6 37. Nc4+ Kc5 38. Na3 e6 39. e5 Bf8 40. Rc3+ Kb6 41.
Nc4+ Kb7 42. Nd6+ Bxd6 43. exd6 Rac8 44. Rxc8 Rxc8+ 45. Kd3 Rd8 46. Kd4 Rxd6+
47. Kc5 Rd5+ 48. Kc4 Kb6 49. Rb3 h5 50. Rg3 Rxb5 51. Kd4 Kc6 52. Rc3+ Kd6 53.
gxh5 Rxh5 54. Rh3 Ra5 55. Rd3 Rd5+ 56. Ke4 Rxd3 57. Kxd3 Kd5 58. Ke3 f6 59. Kd3
f5 60. Ke3 Kc4 61. Kf3 Kd4 0-1

[Event "POLFINAL MISTRZOSTW POLSKI JUNIOROW 2016 - C11"]
[Site "Centrum Kongresow i Rekreacji Orle Gniazdo ul. Wrzosowa 28a, Szczyrk"]
[Date "1899-12-30"]
[Round "7.7"]
[White "Rosenfeld, Noe"]
[Black "Fudal, Patryk"]
[Result "0-1"]
[WhiteTitle "II"]
[BlackTitle "III"]
[WhiteElo "1237"]
[BlackElo "1161"]

1. e4 c5 2. Nf3 d6 3. d4 cxd4 4. Nxd4 Nf6 5. Nc3 Nc6 6. Be3 Ng4 7. Qd2 Nxe3 8.
Qxe3 Qb6 9. O-O-O Nxd4 10. Qxd4 Qxd4 11. Rxd4 e5 12. Rd2 Be6 13. Nb5 Kd7 14. a4
a6 15. Nc3 Be7 16. Kb1 g6 17. Be2 f5 18. Rhd1 Kc7 19. Bf3 f4 20. h3 h5 21. a5
g5 22. Be2 Rag8 23. Na4 g4 24. Nb6 gxh3 25. gxh3 Rg2 26. Bc4 Bxc4 27. Nxc4 Rd8
28. Rd3 Rxf2 29. Rc3 Kb8 30. Rcd3 Re2 31. Nxe5 dxe5 32. Rxd8+ Bxd8 33. Rxd8+ Kc7
34. Rh8 f3 0-1

[Event "POLFINAL MISTRZOSTW POLSKI JUNIOROW 2016 - C11"]
[Site "Centrum Kongresow i Rekreacji Orle Gniazdo ul. Wrzosowa 28a, Szczyrk"]
[Date "1899-12-30"]
[Round "7.8"]
[White "Sloniewski, Jakub"]
[Black "Tomkiewicz, Jakub"]
[Result "0-1"]
[WhiteTitle "II"]
[BlackTitle "II"]
[WhiteElo "1068"]
[BlackElo "1232"]

1. e4 e5 2. Nf3 Nc6 3. d4 exd4 4. Bc4 d6 5. O-O Nf6 6. Re1 Be7 7. Nxd4 Nxd4 8.
Qxd4 O-O 9. Nc3 Be6 10. Bf4 Nd7 11. Re3 Bf6 12. Qd3 Be5 13. Rf3 Bxf4 14. Rxf4
Ne5 15. Qg3 Nxc4 16. Rh4 Ne5 17. f4 Ng6 18. Rh5 f5 19. Rf1 Qe8 20. Rf3 fxe4 21.
Nxe4 Nxf4 22. Rxf4 Qxh5 23. Nf6+ Rxf6 24. Rxf6 Qd1+ 25. Rf1 Qd4+ 26. Rf2 Rf8 27.
h3 Rxf2 28. Qxf2 Qxf2+ 29. Kxf2 Bxa2 30. Ke3 Be6 31. Kd4 Kf7 32. c4 Kf6 33. b3
Kf5 34. g3 Kg5 0-1

[Event "POLFINAL MISTRZOSTW POLSKI JUNIOROW 2016 - C11"]
[Site "Centrum Kongresow i Rekreacji Orle Gniazdo ul. Wrzosowa 28a, Szczyrk"]
[Date "1899-12-30"]
[Round "7.9"]
[White "Karut, Kacper"]
[Black "Grodzicki, Piotr"]
[Result "1/2-1/2"]
[WhiteTitle "II"]
[BlackTitle "II"]
[WhiteElo "1170"]
[BlackElo "1199"]

1. e4 c6 2. d4 d5 3. e5 Bf5 4. Nf3 e6 5. c3 c5 6. Be2 cxd4 7. cxd4 Ne7 8. O-O Nc8
9. Be3 Be7 10. Nbd2 O-O 11. Qb3 Nb6 12. Rac1 Nc6 13. Bb5 Rc8 14. Bxc6 Rxc6 15.
Rxc6 bxc6 16. Rc1 Qd7 17. Qc3 Rc8 18. Nb3 Nc4 19. Nfd2 Nxe3 20. Qxe3 Qb7 21. a3
f6 22. Nf3 Qb6 23. Qc3 fxe5 24. Nxe5 Bg5 25. Re1 Rb8 26. Nd7 Qxb3 27. Nxb8 Qxb8
28. Qxc6 h6 29. b4 Bf6 30. Rd1 Qb6 31. Qxb6 axb6 32. Kf1 Kf7 33. Ke2 Bg5 34. g3
Ke7 35. h4 Bf6 36. Ke3 Kd7 37. Rc1 g5 38. hxg5 Bxg5+ 39. f4 Bf6 40. Rc3 h5 41.
Rc1 Bd8 42. b5 h4 43. gxh4 Bxh4 44. a4 Be7 1/2-1/2

[Event "POLFINAL MISTRZOSTW POLSKI JUNIOROW 2016 - C11"]
[Site "Centrum Kongresow i Rekreacji Orle Gniazdo ul. Wrzosowa 28a, Szczyrk"]
[Date "1899-12-30"]
[Round "7.10"]
[White "Choina, Jan"]
[Black "Wasik, Mateusz"]
[Result "1-0"]
[WhiteTitle "II"]
[BlackTitle "II"]
[WhiteElo "1099"]
[BlackElo "1263"]

1. e4 c5 2. Nf3 a6 3. d4 cxd4 4. Nxd4 Nf6 5. Nc3 e5 6. Nf3 Bb4 7. Nxe5 Qe7 8. Nc4
Nxe4 9. Be2 Nxc3 10. bxc3 Bxc3+ 11. Bd2 Bxd2+ 12. Qxd2 O-O 13. O-O Nc6 14. Rab1
b5 15. Nd6 Rd8 16. Rb3 Na5 17. Qxa5 1-0

[Event "POLFINAL MISTRZOSTW POLSKI JUNIOROW 2016 - C11"]
[Site "Centrum Kongresow i Rekreacji Orle Gniazdo ul. Wrzosowa 28a, Szczyrk"]
[Date "1899-12-30"]
[Round "7.11"]
[White "Tomkiewicz, Szymon"]
[Black "Lupinski, Marcel"]
[Result "1/2-1/2"]
[WhiteTitle "II"]
[BlackTitle "II"]
[WhiteElo "1234"]
[BlackElo "1054"]

1. c4 e6 2. g3 d5 3. Bg2 Nf6 4. Nc3 c5 5. b3 Nc6 6. e3 Be7 7. Nge2 O-O 8. O-O a6
9. d3 d4 10. Ne4 Nxe4 11. Bxe4 e5 12. Bd2 Bh3 13. Re1 Qd7 14. Rb1 Bf5 15. Bxf5
Qxf5 16. e4 Qg6 17. a3 a5 18. f4 f5 19. exf5 Rxf5 20. Rf1 b6 21. fxe5 Nxe5 22.
Nf4 Qf6 23. Qe2 Re8 24. Nd5 Rxf1+ 25. Rxf1 Qd6 26. Bf4 Bf6 27. Re1 Kf8 28. Nxf6
gxf6 29. Bxe5 Rxe5 30. Qf2 Rxe1+ 31. Qxe1 Qe7 32. Qxe7+ Kxe7 33. Kf2 Ke6 34. Kf3
f5 35. Kf4 Kf6 36. a4 h6 37. h3 Ke6 38. g4 fxg4 39. Kxg4 Kf6 40. h4 Kg6 41. h5+
Kf6 42. Kf4 Ke6 1/2-1/2

[Event "POLFINAL MISTRZOSTW POLSKI JUNIOROW 2016 - C11"]
[Site "Centrum Kongresow i Rekreacji Orle Gniazdo ul. Wrzosowa 28a, Szczyrk"]
[Date "1899-12-30"]
[Round "7.12"]
[White "Skrzypczynski, Kacper"]
[Black "Martyniak, Milosz"]
[Result "0-1"]
[WhiteTitle "II"]
[BlackTitle "II"]
[WhiteElo "1228"]
[BlackElo "1178"]

1. e4 e6 2. Nf3 d5 3. exd5 exd5 4. d4 Bd6 5. Nc3 c6 6. Bd3 Bg4 7. h3 Bh5 8. Be2
h6 9. Be3 Ne7 10. O-O O-O 11. Qd2 Nd7 12. Rfe1 f5 13. Bf4 Bxf4 14. Qxf4 Ng6 15.
Qd2 Nf6 16. Kh1 Ne4 17. Nxe4 fxe4 18. Nh2 Bxe2 19. Rxe2 Rf7 20. Rf1 Qb6 21. c3
Raf8 22. f3 Qa6 23. Ra1 exf3 24. Nxf3 Nf4 25. Re3 Nxh3 26. Ne5 Rf2 27. Qd3 Qxd3
28. Rxd3 Ng5 29. Ng6 R8f6 30. Ne5 Rxb2 31. Nd7 Rf7 32. Nc5 b6 33. Nb3 Rff2 34.
Re1 Rxg2 35. Re8+ Kh7 36. Rc8 Rh2+ 37. Kg1 Nh3+ 38. Rxh3 Rxh3 39. Rf8 Rxc3 40.
Rf1 Rg3+ 41. Kh1 Rxa2 0-1

[Event "POLFINAL MISTRZOSTW POLSKI JUNIOROW 2016 - C11"]
[Site "Centrum Kongresow i Rekreacji Orle Gniazdo ul. Wrzosowa 28a, Szczyrk"]
[Date "1899-12-30"]
[Round "7.13"]
[White "Kotowicz, Kamil"]
[Black "Zyhalko, Konrad"]
[Result "1/2-1/2"]
[WhiteTitle "II"]
[BlackTitle "III"]
[WhiteElo "1045"]
[BlackElo "1173"]

1. d4 d5 2. c4 e6 3. Nc3 Nf6 4. Bg5 Nbd7 5. e3 Be7 6. Nf3 O-O 7. cxd5 exd5 8. Bd3
h6 9. Bh4 c6 10. O-O a6 11. a4 Re8 12. Qb3 Ne4 13. Bxe7 Qxe7 14. Qc2 Ndf6 15.
h3 Nxc3 16. bxc3 Ne4 17. Bxe4 Qxe4 18. Qxe4 Rxe4 19. Rfe1 Bf5 20. g4 Bxg4 21.
hxg4 Rxg4+ 22. Kh2 f6 23. Kh3 Re4 24. Ne5 g5 25. Ng4 Kg7 26. f3 Re7 27. Nf2 f5
28. Nd3 h5 29. Ne5 Kh6 30. Rh1 Rc8 31. Ra2 c5 32. Rg2 cxd4 33. cxd4 Rc3 34. Re2
Ra3 35. Rc1 Rxa4 36. Rc8 h4 37. Rd8 b5 38. Rxd5 b4 39. Rd6+ Kg7 40. Rg6+ Kh7 41.
Rb6 a5 42. Ra6 Ra1 43. Nc6 Rb7 44. Rxa5 Rc1 45. Ra7 Rxa7 46. Nxa7 b3 47. Rb2 Rc3
48. d5 Rxe3 1/2-1/2

[Event "POLFINAL MISTRZOSTW POLSKI JUNIOROW 2016 - C11"]
[Site "Centrum Kongresow i Rekreacji Orle Gniazdo ul. Wrzosowa 28a, Szczyrk"]
[Date "1899-12-30"]
[Round "8.1"]
[White "Lokaj, Bartlomiej"]
[Black "Kietrys, Maciej"]
[Result "0-1"]
[WhiteTitle "II"]
[BlackTitle "II"]
[WhiteElo "1249"]
[BlackElo "1438"]

1. e4 e5 2. Nf3 Nc6 3. Bc4 Bc5 4. c3 Nf6 5. d3 h6 6. O-O d6 7. Bb3 O-O 8. Nbd2
Kh8 9. Re1 Ng4 10. Re2 f5 11. h3 Nf6 12. a4 a5 13. Nc4 fxe4 14. dxe4 Nh5 15. Qd3
Nf4 16. Bxf4 Rxf4 17. Rd1 Qf8 18. Ncd2 g5 19. g3 Rf6 20. Kg2 Kg7 21. Rf1 Ne7 22.
Ne1 Ng6 23. Nc2 h5 24. f3 h4 25. Ne3 hxg3 26. Nd5 c6 27. Kxg3 cxd5 28. Qb5 Qh8
29. Rh2 Nf4 30. Rfh1 Qh4# 0-1

[Event "POLFINAL MISTRZOSTW POLSKI JUNIOROW 2016 - C11"]
[Site "Centrum Kongresow i Rekreacji Orle Gniazdo ul. Wrzosowa 28a, Szczyrk"]
[Date "1899-12-30"]
[Round "8.2"]
[White "Jeda, Maciej"]
[Black "Czernecki, Andrzej"]
[Result "0-1"]
[WhiteTitle "II"]
[BlackTitle "II"]
[WhiteElo "1312"]
[BlackElo "1266"]

1. e4 c5 2. Nf3 d6 3. d4 cxd4 4. Nxd4 Nf6 5. Nc3 Nc6 6. Bg5 e6 7. f4 Be7 8. h3
h6 9. Bh4 Nxe4 10. Bxe7 Nxc3 11. Bxd8 Nxd1 12. Rxd1 Kxd8 13. Nxc6+ bxc6 14. Rxd6+
Kc7 15. Rd1 Bb7 16. Kf2 Rhd8 17. Bd3 Rd4 18. Kg3 Rad8 19. Rde1 g6 20. Rhf1 c5
21. b3 Kb6 22. Rf2 Ba6 23. Bxa6 Kxa6 24. Ree2 c4 25. Kh4 R8d5 26. g4 c3 27. Re3
Rd2 28. Rff3 Rxc2 29. Rxc3 Rg2 30. Rc7 Rh5+ 31. gxh5 g5+ 0-1

[Event "POLFINAL MISTRZOSTW POLSKI JUNIOROW 2016 - C11"]
[Site "Centrum Kongresow i Rekreacji Orle Gniazdo ul. Wrzosowa 28a, Szczyrk"]
[Date "1899-12-30"]
[Round "8.3"]
[White "Smuda, Tomasz"]
[Black "Bogusz, Alan"]
[Result "0-1"]
[WhiteTitle "III"]
[BlackTitle "II"]
[WhiteElo "1204"]
[BlackElo "1476"]

1. e4 c5 2. Nc3 d6 3. Bc4 Nf6 4. Nf3 e6 5. d4 cxd4 6. Nxd4 Be7 7. O-O O-O 8. Be3
a6 9. a4 Qc7 10. Bb3 Nc6 11. Nf3 Na5 12. Ba2 Nc4 13. Qe2 Nxe3 14. Qxe3 b6 15.
Rad1 Bb7 16. Rfe1 Rac8 17. Rd2 h6 18. h3 Rfd8 19. Red1 Qc5 20. Qe2 Qb4 21. Bb3
Nxe4 22. Rd3 Nxc3 23. bxc3 Rxc3 24. Nd4 Rxd3 25. Rxd3 d5 26. Qg4 Bf6 27. Qd1 Rc8
28. Ne2 b5 29. axb5 axb5 30. Ba2 Ra8 31. Rb3 Qc5 32. Bb1 Ra3 33. c3 Rxb3 34. Qxb3
Qc4 35. Qc2 Kf8 36. Qb2 Qc5 37. Bd3 Ba6 38. Qa1 Qc6 39. Nd4 Bxd4 40. cxd4 Qb6
41. Qa3+ Ke8 42. Qb4 Qc6 43. Kh2 Kd7 44. g3 Ke8 45. h4 Qc7 46. Bxb5+ Bxb5 47.
Qxb5+ Ke7 48. Qb4+ Kf6 49. Qd2 e5 50. Qe3 exd4 51. Qxd4+ Qe5 52. Qb6+ Qe6 53.
Qd4+ Kg6 54. Qd3+ Qe4 55. Qa6+ Kh7 56. Qb7 f5 57. Qf7 d4 58. h5 d3 59. Qg6+ Kg8
60. Qd6 Qe2 61. Qd5+ Kh8 62. Qxf5 d2 63. Qf8+ Kh7 64. Qf5+ Kg8 65. Qd5+ Kf8 66.
Qd8+ Kf7 67. Qd7+ Kf6 68. Qd6+ Kf7 69. Qd5+ Ke8 70. Qg8+ Kd7 71. Qd5+ Kc7 72.
Qf7+ Kc6 73. Qg6+ Kc5 74. Qf5+ Kd4 75. Qf4+ Kc3 76. Qc7+ Qc4 77. Qxg7+ Qd4 78.
Qc7+ Kd3 79. Qh7+ Ke2 80. Qe7+ Kf1 81. Qb7 Qxf2+ 82. Kh3 d1=Q 83. Qh1+ Qg1 84.
Qxg1+ Kxg1 85. Kh4 Kg2 0-1

[Event "POLFINAL MISTRZOSTW POLSKI JUNIOROW 2016 - C11"]
[Site "Centrum Kongresow i Rekreacji Orle Gniazdo ul. Wrzosowa 28a, Szczyrk"]
[Date "1899-12-30"]
[Round "8.4"]
[White "Fudal, Patryk"]
[Black "Wieczorek, Mikolaj"]
[Result "0-1"]
[WhiteTitle "III"]
[BlackTitle "II"]
[WhiteElo "1161"]
[BlackElo "1458"]

1. e4 c5 2. Nf3 Nc6 3. Bb5 g6 4. Bxc6 bxc6 5. c3 Bg7 6. Qe2 e5 7. Qc4 Qe7 8. b4
cxb4 9. cxb4 Bb7 10. Nc3 Nf6 11. Bb2 O-O 12. O-O Rfe8 13. Rfe1 Rac8 14. Rad1 a6
15. Na4 d5 16. Qc5 Nd7 17. Qxe7 Rxe7 18. Nc5 Nxc5 19. bxc5 d4 20. Ba3 a5 21. Rb1
Ba6 22. Rb3 Bb5 23. Reb1 a4 24. Rb4 Ra7 25. Ne1 Bh6 26. Nf3 f6 27. h4 Raa8 28.
Kh2 Bf8 29. R4b2 Bd3 30. Re1 Rcb8 31. Rxb8 Rxb8 32. g4 Rb1 33. Rxb1 Bxb1 34. g5
Bxe4 35. Kg3 Bxf3 36. Kxf3 f5 37. Kg3 Kf7 38. f4 e4 39. Kf2 Ke6 40. Ke2 Kd5 41.
d3 e3 0-1